00000000nam 2200000za 4500
0019.822246
003CaOODSP
00520250129100306
007cr |||||||||||
008160809s2014    oncao|| o    f000 0 orm d
040 |aCaOODSP|bfre
043 |an-cn---
0861 |aCi44-18/2014Orm-PDF
24500|a[Réfugiés pris en charge par le gouvernement, réinstallation des réfugiés au Canada |h[ressource électronique] : |bbulletin d'information].
24614|iTitre de la couv. : |aBaqataa-moottummaan gargaaru quubsuma baqatootaaf Kanaadaan kennu :|bqajeal fama
250 |a[Édition oromo].
260 |a[Ottawa] : |bCitoyenneté et Immigration Canada, |c2014.
300 |a8 p. : |bill. en coul.
500 |a« Oromo. »
500 |a« GAR. »
500 |aTitre français fourni par l'éditeur. Titre de la couv. : Baqataa-moottummaan gargaaru quubsuma baqatootaaf Kanaadaan kennu - qajeal fama.
500 |aPublié aussi en anglais, amharique, arabe, dari, espagnol, farsi, népalias, somali, swahili et tigrinya.
500 |aPublié aussi en français sous le titre : Réfugiés pris en charge par le gouvernement, réinstallation des réfugiés au Canada.
5200 |aCe bulletin, écrit en oromo, fournit des informations sur les étapes du processus de réinstallation des réfugiés une fois Gouvernement assistée (GAR) a été acceptée, et donne plus d'information sur le Canada. Comprend des informations sur la réinstaller de la situation familiale, votre statut d'immigrant, la société canadienne, en parrainant la famille, trouver un emploi, les dépenses, les écoles, les soins dentaires, la nourriture et l'eau, la religion, et la météo.
546 |aTexte en oromo.
69207|2gccst|aRéfugié
69207|2gccst|aImmigrant
69207|2gccst|aProgramme fédéral
7101 |aCanada. |bCitoyenneté et immigration Canada.
77508|tRéfugiés pris en charge par le gouvernement, réinstallation des réfugiés au Canada |w(CaOODSP)9.822188
791 |t[Government-Assisted Refugee resettlement in Canada |eeng|w(CaOODSP)9.822239
794 |t[Programme des réfugiés pris en charge par le gouvernement] : |b2019|w(CaOODSP)9.880472
85640|qPDF|s1.22 Mo|uhttps://publications.gc.ca/collections/collection_2016/ircc/Ci44-18-2014-orm.pdf